Built to last: successful habits of visionary companies /
Gardado en:
| Autor Principal: | |
|---|---|
| Outros autores: | |
| Formato: | Desconocido |
| Idioma: | English |
| Publicado: |
New York :
HarperBusiness
|
| Etiquetas: |
Engadir etiqueta
Sen Etiquetas, Sexa o primeiro en etiquetar este rexistro!
|
MARC
| LEADER | 00000 a2200000 04500 | ||
|---|---|---|---|
| 001 | 48811 | ||
| 003 | |||
| 008 | 050616s19941997nyu eng d | ||
| 040 | |||
| 020 | |a 0-88730-739-6 | ||
| 022 | |a [sin ISSN] | ||
| 090 | |a 1001 C724b | ||
| 100 | |a Collins, James C. | ||
| 245 | |a Built to last: |b successful habits of visionary companies / |c James C. Collins, Jerry I. Porras | ||
| 260 | |a New York : |b HarperBusiness | ||
| 300 | |a 342 páginas | ||
| 700 | |a Porras, Jerry I. | ||
| 999 | |c 16931 |d 16931 | ||



